| 000 | 00480cam a2200193ua 4500 | ||
|---|---|---|---|
| 001 | 873 | ||
| 008 | 110421n ii |||gr||||Z||||||eng | ||
| 020 | _a1403-90943-1 | ||
| 040 | _cMAIN | ||
| 082 | _a350.954 | ||
| 245 | 1 |
_aAdministration of India. _cBy S R Maheswari. |
|
| 250 | _a1st. | ||
| 260 |
_aNew Delhi.: _bMcmillan., _c2003. |
||
| 300 |
_a206 p.: _c20 cm. |
||
| 653 | _aPolitical science. | ||
| 653 | _aAdministration of India. | ||
| 700 | 1 | _aMaheswari, S R., | |
| 942 | _cBK | ||
| 999 |
_c796 _d796 |
||